| 000 | 00000nam 2200000za 4500 |
| 001 | 9.805231 |
| 003 | CaOODSP |
| 005 | 20221107135611 |
| 007 | cr ||||||||||| |
| 008 | 151030s2015||||onca||||o f00| 0 fre d |
| 020 | |a9780660037059 |
| 040 | |aCaOODSP|bfre |
| 043 | |an-cn--- |
| 086 | 1 |aHP35-64/2-2015F-PDF |
| 245 | 00|aVers l'équité en santé |h[ressource électronique] : |bun outil pour élaborer des interventions en santé publique tenant compte de l’équité. |
| 260 | |aOttawa : |bAgence de santé publique du Canada, |c2015. |
| 300 | |a18 p. : |bfigs, tableaux. |
| 500 | |a«Date de publication : 12/01/2015.» |
| 500 | |aPubl. aussi en anglais sous le titre : Toward Health Equity: A Tool for Developing Equity-Sensitive Public Health Interventions. |
| 500 | |aVoir aussi HP35-64/1-2015F-PDF (Vers l'équité en santé : un outil de pratique). |
| 504 | |aComprend des réf. bibliogr. |
| 710 | 2 |aAgence de santé publique du Canada. |
| 775 | 08|tToward health equity |w(CaOODSP)9.805230 |
| 856 | 40|qPDF accessible|s902 Ko|uhttps://publications.gc.ca/collections/collection_2015/aspc-phac/HP35-64-2-2015-fra.pdf |
| 986 | |aPub. : 150139 |